La construcción de las ceremonias de toma de poder en Costa Rica (1906-1936) /
Պահպանված է:
| Հիմնական հեղինակ: | |
|---|---|
| Ձևաչափ: | Գիրք |
| Լեզու: | Spanish |
| Ցուցիչներ: |
Ավելացրեք ցուցիչ
Չկան պիտակներ, Եղեք առաջինը, ով նշում է այս գրառումը!
|
MARC
| LEADER | 00000nam a22000007a 4500 | ||
|---|---|---|---|
| 003 | cru IIS | ||
| 005 | 20220519104626.0 | ||
| 008 | 220519s2019 cr |||p|r|||| 00| 0 spa d | ||
| 040 | |c cru IIS | ||
| 100 | 1 | |9 10437 |a Chaves Marín, Adrián |e Autor | |
| 245 | 1 | 3 | |a La construcción de las ceremonias de toma de poder en Costa Rica (1906-1936) / |c José Andrés Díaz González |
| 300 | |a páginas 95-127: |b gráficos | ||
| 500 | |a Colección Centroamérica | ||
| 773 | 0 | |0 40579 |9 6416 |a Universidad Nacional de Costa Rica |d Heredia, Costa Rica: EUNA |o 18098 |t Revista de Historia / |x 10129790 | |
| 942 | |2 ddc |c PP | ||
| 999 | |c 44249 |d 44249 | ||
